|
|
|
|
| LEADER |
00000nab a2200000 a 4500 |
| 001 |
vtls000839654 |
| 003 |
SK-MaSNL |
| 005 |
20260304015315.0 |
| 008 |
161006c2003 xo 0 slo |
| 015 |
|
|
|a SNBRB2003/07-19701
|
| 035 |
|
|
|a CLN000191309
|
| 040 |
|
|
|a SNKBUCL
|b slo
|c SNKBUCL
|e AACR2
|
| 041 |
0 |
|
|a slo
|
| 044 |
|
|
|a xo
|c SK
|
| 080 |
|
|
|a 597.5:57.06
|2 1997
|
| 100 |
1 |
|
|a Tokušev, Richard
|4 aut
|9 858062
|
| 245 |
1 |
0 |
|a Živorodky pohľadom systematiky
|c Richard Tokušev
|
| 300 |
|
|
|b Tab.
|
| 504 |
|
|
|a Bibliogr. odkazy
|
| 650 |
0 |
7 |
|a ryby
|2 snkbucl
|9 2750
|
| 650 |
0 |
7 |
|a kaprozúbkovité
|2 snkbucl
|9 251005
|
| 650 |
0 |
7 |
|a živorodky
|2 snkbucl
|9 1296465
|
| 655 |
|
7 |
|a články z novín a časopisov
|2 snkbucl
|9 267496
|
| 773 |
0 |
|
|x 1335-8308
|t Aquatera
|g Roč. 9, č. 2 (2003), s. 12-13
|
| 850 |
|
|
|a Slovenská národná knižnica v Martine
|
| 852 |
|
|
|a SNK
|b KIS3GCP
|
| 958 |
|
|
|a NB
|
| 958 |
|
|
|a RBX
|
| 999 |
|
|
|c 2590713
|d 2592643
|